Cuenta de Rectoría. Informes de Gestión Organismos de Dirección Superior. Período 1993

Saved in:
Bibliographic Details
Corporate Author: Universidad Católica de Valparaíso (Author)
Format: Book
Language:Spanish
Published: Valparaíso Universidad Católica de Valparaíso, Rectoría 1994
Edition:1a. ed
Series:Cuentas de Rectoría
Subjects:
Tags: Add Tag
No Tags, Be the first to tag this record!

MARC

LEADER 00000nam a2200000 a 4500
001 UCJ4589
003 CL-VaPUC
005 20231110155242.0
008 070124e19940315CL |||||||||||||||||spa|d
999 |c 320705  |d 320703 
040 |c Pontificia Universidad Católica de Valparaíso 
082 0 4 |a 378  |b UCV  |2 21 
110 2 |a Universidad Católica de Valparaíso  |e author  |9 508594 
245 1 0 |a Cuenta de Rectoría. Informes de Gestión Organismos de Dirección Superior. Período 1993 
250 |a 1a. ed 
260 |a Valparaíso  |b Universidad Católica de Valparaíso, Rectoría  |c 1994 
300 |a 302 p 
490 0 |a Cuentas de Rectoría 
583 |a last modification  |c 20070124 00:00:00  |k Rodrigo Vera 
600 |a Donoso Riveros, Bernardo Alfonso  |d 1946-  |9 885721 
650 0 |a Universidades chilenas  |9 407335 
650 0 |a Archivo histórico PUCV  |9 255554 
650 7 |a DOCUMENTOS  |2 CL-VaPUC  |9 366450 
650 7 |a RECTORES UCV  |2 CL-VaPUC  |9 507368 
942 |c BK  |2 ddc 
945 |d 20070124 00:00:00  |a rinostro 
952 |0 0  |1 0  |4 0  |6 378_000000000000000_UCV_1994  |7 0  |8 X  |9 399284  |a FDOBUD  |b FDOBUD  |d 2019-11-22  |i 1022180  |o 378 UCV 1994  |p 1022180  |r 2019-11-22  |w 2019-11-22  |y BK_X  |k FHP